00361 a2200109 4500001000900000005001700009008004100026245008700067100002700154700002800181773004200209ART_726020260410161623.0260409a 10aEl delito de lavado de activos de origen delictivo y financiación del terrorismo1 aSlosse, Carlos Alberto1 aGamondés, Santiago F.0 tEnfoquesg- Nº 1 (ene. 2012)wREV416